00437nam a2200145Ia 4500008004100000041000800041082001200049100001800061245001000079260003200089300002400121365001100145999001700156952011800173240624s9999 xx 000 0 und d aeng a338 YER aYERGIN DANIEL aPRIZE c2008aNew DelhibFree Press a908 : p. : cm. ; 28 cRSb30 c27810d27810 00104070aIMTNbIMTNcRack 11-Bd2016-08-05eRWg999.00o338 YERp27810r2024-06-24 00:00:00t1w2024-06-24yBK